000 00289nam a2200133 i 4500
001 bg
245 0 _aElektriceskaja apparatura.
_nVyp. 7.
260 _aMoskva,
_c1968.
040 _cBPK
041 _apol
080 _a621.384
942 _cKS
008 s pl f |000 0 pol
999 _c12855
_d12855
856 _uhttp://koha.tu.koszalin.pl/cgi-bin/koha/opac-detail.pl?biblionumber=12855
_yKatalog online BPK